000 00764nam a2200181Ia 4500
008 100920s9999 xx 000 0 und d
082 _b98329
_a24 न 07
100 _aगौरी साळवी अनु.देशमुख सुजाता.
245 _aमाझही एक स्वप्न होतं : वर्गीस कुरीयन.
260 _bराजहंस, पुणे.
_c2007
300 _a218
_bसाधी
365 _b200
520 _aसायो.
630 _aमाझही एक स्वप्न होतं : वर्गीस कुरीयन.
650 _aसायो.
730 _aमाझही एक स्वप्न होतं : वर्गीस कुरीयन.
942 _cBOOK
999 _c738767
_d738764